| 000 | 00782nam a2200217Ia 4500 | ||
|---|---|---|---|
| 003 | GCL | ||
| 008 | 140319s9999 xx 000 0 ara d | ||
| 020 | _a3210405977 | ||
| 040 |
_aGCL / _cGCL |
||
| 082 | 0 | 4 |
_aق _b932 _bن م |
| 100 | 1 | _aنور جلال عبد الحميد | |
| 245 | 1 | 0 |
_aملامح من فيض الحضارة فى العصور المصرية القديمة / _cنور جلال عبد الحميد |
| 260 |
_aالقاهرة : _bمكتبة الانجلوالمصرية |
||
| 300 |
_a270 ص ؛ _c25 سم |
||
| 650 | 0 | 4 | _aالحضارة المصرية القديمة |
| 650 | 0 | 4 | _aالتماثيل |
| 650 | 0 | 4 | _aالفن المصرى |
| 650 | 0 | 4 | _aمصر - الاثار الفرعونية |
| 650 | 0 | 4 | _aمصر القديمة - تاريخ |
| 942 |
_2ddc _cBK |
||
| 999 |
_c57880 _d57880 |
||